|
|
|
|
| LEADER |
01368nam a2200361 a 4500 |
| 001 |
33690 |
| 003 |
BD-DhAAL |
| 005 |
20211109102641.0 |
| 008 |
180814t2012 flua b 001 0 eng d |
| 999 |
|
|
|c 39460
|d 39460
|
| 010 |
|
|
|a 2011039383
|
| 020 |
|
|
|a 9781439854549 (hardcover : alk. paper)
|
| 040 |
|
|
|a DLC
|c DLC
|d DLC
|d BD-DhAAL
|
| 042 |
|
|
|a pcc
|
| 050 |
0 |
0 |
|a QA76.9.D343
|b M385 2012
|
| 082 |
0 |
0 |
|a 005.8
|2 23
|
| 100 |
1 |
|
|a Masud, Mehedy.
|9 27886
|
| 245 |
1 |
0 |
|a Data mining tools for malware detection /
|c Mehedy Masud, Latifur Khan and Bhavani Thuraisingham.
|
| 260 |
|
|
|a Boca Raton, FL :
|b CRC Press,
|c c2012.
|
| 300 |
|
|
|a xxx, 419 pages :
|b illustrations ;
|c 25 cm.
|
| 500 |
|
|
|a "An Auerbach book"--T.p.
|
| 504 |
|
|
|a Includes bibliographical references and index.
|
| 526 |
|
|
|a CSE
|
| 541 |
|
|
|a Trim Education
|e 33690
|
| 650 |
|
0 |
|a Data mining.
|9 27887
|
| 650 |
|
0 |
|a Computer security.
|9 27888
|
| 650 |
|
0 |
|a Computer networks
|x Security measures.
|9 27889
|
| 650 |
|
0 |
|a Computer science.
|9 42463
|
| 700 |
1 |
|
|a Khan, Latifur.
|9 27890
|
| 700 |
1 |
|
|a Thuraisingham, Bhavani M.
|9 27891
|
| 852 |
|
|
|a Ayesha Abed Library
|c General Stacks
|
| 942 |
|
|
|2 ddc
|c BK
|
| 952 |
|
|
|0 0
|1 0
|2 ddc
|4 0
|6 005_800000000000000_MAS
|7 0
|9 64241
|a BRACUL
|b BRACUL
|c GEN
|d 2018-08-08
|e Trim Education
|g 5170.00
|l 5
|m 46
|o 005.8 MAS
|p 3010033690
|q 2026-06-02
|r 2026-04-29
|s 2026-04-29
|t 1
|v 5170.00
|w 2018-08-08
|y BK
|